MY TOP 5 FAVORITE COUNTRIES - Statistics

General Stats
  • This quiz has been taken 113 times
  • The average score is 1 of 5
Answer Stats
Hint Answer % Correct
COUNTRY USA
98%
COUNTRY ISRAEL
35%
COUNTRY AZERBAIJAN
8%
COUNTRY SAO TOME AND PRINCIPE
4%
COUNTRY ESWATINI
2%
No matching quizzes found
Score Distribution
Percent of People with Each Score
Percentile by Number Answered
Your Score History
You have not taken this quiz